000 00588nam a2200193Ia 4500
005 20250508150700.0
008 008 250505s9999 xx 000 0 eng d
037 _aTextual
040 _aFEDL
_beng
_cFEDL
041 _aeng
_2eng
084 _a155.2, MUR
_qFEDL
100 _aMurray Henry A.
245 0 _aExplorations in personality: A clinical and experimental study of fifty men of college age
260 _aNew York, USA
_bOxford University Press
_c1938
300 _axiv,761p
650 _aPersonality
942 _cTEXL
_h155.2, MUR
999 _c1325021
_d1325021